Quizzes
Events
Quiz Creation
Community
Videos
Private Events
Remove Ads
Sign In
Join for FREE
Feedback
Dark Mode
Quiz Categories
Sports
Geography
Music
Movies
Television
Just For Fun
Miscellaneous
History
Literature
Language
Science
Gaming
Entertainment
Religion
Holiday
For Kids
Quiz Lab
Recent
Popular Today
Quiz Kudos Today
Editor Picks
Curator Picks
Quizzes by...
Day
Popularity
Type
Ratings
Length
Year
Community
Subscriptions
Recent Discussions
Orange Saloon
Badges
Playlists
Quests
Create
Leaderboards
Showdown
Live 5
Trivia Bingo
Activity
Puzzle Library
Sporcle Events
Private Events
Virtual Trivia
Globe League
Become a Host
Pub Owners
SporcleCon
Opinionation
Our Games
Videos
Blog
Mobile Apps
Partnerships
Remove Ads and Go Orange
Feedback
Movies
Disney
Marvel Cinematic Universe
Movie Resume
Movie Titles
Oscar
Actor
Actress
Director
Pixar
Role
Movie Quotes
Movie Characters
Box Office
Nominee
Best Picture
Star Wars
James Bond
Horror Movies
Movies
Disney
Marvel Cinematic Universe
Movie Resume
Movie Titles
Oscar
Actor
Actress
Director
Pixar
Role
Movie Quotes
Movie Characters
Box Office
Nominee
Best Picture
Star Wars
James Bond
Horror Movies
Random Quiz
Search Sporcle
×
Quiz Lab
Quiz Lab
Movies
Actress
Type in answers that appear in a list
Type in answers that appear in a list
Classic
Best Score? Go Orange.
Best Supporting Actress Nominees 1970-2009 Stats
Can you name the Oscar Nominees for Best Supporting Actress 1970-2008?
By
yankee00
15m
200 Questions
5,456 Plays
5,456 Plays
5,456 Plays
Comments
Comments
Give Quiz Kudos
Give Quiz Kudos
-
- Ratings
hide this ad
Replay
Link that replays current quiz
Next Quiz
Link to next quiz in quiz playlist
You Got
0%
They Got
Avg Score
66%
Avg Friend Score
Upgrade to see
Score Distribution
Jump to the score distribution portion of the page
Score
0/200
Timer
15:00
3
Plays Today
Year
Actress
% Correct
1979
Meryl Streep
96.8%
1978
Meryl Streep
96.8%
2002
Meryl Streep
96.8%
2006
Jennifer Hudson
93.5%
2000
Kate Hudson
93.3%
2004
Cate Blanchett
93%
2006
Cate Blanchett
93%
2007
Cate Blanchett
93%
1998
Judi Dench
92.8%
1999
Judi Dench
92.8%
1999
Angelina Jolie
92.2%
1997
Julianne Moore
91.7%
2002
Julianne Moore
91.7%
2008
Viola Davis
91.6%
1988
Geena Davis
91.4%
1992
Marisa Tomei
91.1%
2008
Marisa Tomei
91.1%
2001
Marisa Tomei
91.1%
2002
Catherine Zeta-Jones
90.9%
1990
Whoopi Goldberg
90.7%
1995
Kate Winslet
90.6%
2001
Kate Winslet
90.6%
1992
Judy Davis
90.5%
2008
Penelope Cruz
90.4%
1983
Linda Hunt
90.3%
1998
Kathy Bates
89.8%
2002
Kathy Bates
89.8%
1997
Kim Basinger
89.7%
1978
Maggie Smith
89.5%
1986
Maggie Smith
89.5%
2001
Maggie Smith
89.5%
2003
Renee Zellweger
89.5%
1982
Glenn Close
89.2%
1983
Glenn Close
89.2%
1984
Glenn Close
89.2%
2001
Jennifer Connelly
89%
2005
Amy Adams
87.3%
2008
Amy Adams
87.3%
2009
Penelope Cruz
87.1%
1993
Holly Hunter
86.8%
2003
Holly Hunter
86.8%
1985
Oprah Winfrey
86.3%
1989
Julia Roberts
86%
2005
Michelle Williams
85.7%
1981
Jane Fonda
85.4%
1982
Jessica Lange
85.2%
1973
Tatum O'Neal
85.1%
1994
Uma Thurman
85.1%
1988
Frances McDormand
84.9%
2000
Frances McDormand
84.9%
2005
Frances McDormand
84.9%
1996
Juliette Binoche
84.3%
1994
Helen Mirren
84.1%
2001
Helen Mirren
84.1%
2009
Mo'Nique
84%
1993
Anna Paquin
83.6%
1986
Dianne Wiest
83.4%
1989
Dianne Wiest
83.4%
1994
Dianne Wiest
83.4%
1997
Minnie Driver
83.3%
2005
Rachel Weisz
83.1%
1976
Jodie Foster
82.7%
2004
Natalie Portman
82.4%
2007
Tilda Swinton
81.9%
1985
Anjelica Huston
81.6%
1989
Anjelica Huston
81.6%
2000
Marcia Gay Harden
81.3%
Year
Actress
% Correct
2003
Marcia Gay Harden
81.3%
1993
Emma Thompson
81.2%
1999
Toni Collette
80.9%
1995
Mira Sorvino
80.7%
2002
Queen Latifah
80.4%
1988
Sigourney Weaver
79.7%
1983
Cher
79.5%
2004
Laura Linney
79.1%
1987
Olympia Dukakis
78.7%
1993
Winona Ryder
78.5%
1988
Joan Cusack
76.7%
1997
Joan Cusack
76.7%
1995
Joan Allen
76.7%
1996
Joan Allen
76.7%
1999
Catherine Keener
76.1%
2005
Catherine Keener
76.1%
1977
Vanessa Redgrave
76.1%
1992
Vanessa Redgrave
76.1%
2006
Abigail Breslin
75.7%
1998
Lynn Redgrave
75.4%
1991
Jessica Tandy
75.4%
1988
Michelle Pfeiffer
74.7%
1974
Talia Shire
74.6%
2009
Anna Kendrick
73.7%
2009
Vera Farmiga
73.4%
2009
Maggie Gyllenhaal
72.8%
1991
Juliette Lewis
72.7%
1974
Ingrid Bergman
72.5%
1990
Annette Bening
72.3%
1971
Ellen Burstyn
71.9%
1973
Linda Blair
70.5%
2007
Saoirse Ronan
68.8%
1997
Gloria Stuart
68.7%
1971
Cloris Leachman
68.7%
2004
Virginia Madsen
68.6%
1999
Chloe Sevigny
67.9%
1991
Mercedes Ruehl
67%
1990
Lorraine Bracco
66.2%
2008
Taraji P. Henson
65.9%
1989
Brenda Fricker
65.4%
1973
Madeline Kahn
65.3%
1974
Madeline Kahn
65.3%
2007
Amy Ryan
65.2%
1990
Mary McDonnell
65.1%
2007
Ruby Dee
65.1%
1970
Helen Hayes
64.2%
2000
Julie Walters
64.1%
1994
Jennifer Tilly
63.7%
1985
Meg Tilly
63.5%
1998
Brenda Blethyn
63.2%
1999
Samantha Morton
63.1%
1972
Shelley Winters
63%
1972
Geraldine Page
62.6%
1984
Geraldine Page
62.6%
1982
Teri Garr
61.8%
1992
Miranda Richardson
61.8%
1976
Piper Laurie
61.8%
1986
Piper Laurie
61.8%
1970
Maureen Stapleton
61.7%
1978
Maureen Stapleton
61.7%
1981
Maureen Stapleton
61.7%
1996
Lauren Bacall
61.5%
1980
Mary Steenburgen
60.9%
1973
Candy Clark
60.9%
1974
Diane Ladd
59.7%
1990
Diane Ladd
59.7%
1991
Diane Ladd
59.7%
Year
Actress
% Correct
1987
Anne Archer
59.6%
1976
Jane Alexander
59.4%
1979
Jane Alexander
59.4%
1975
Lily Tomlin
58.8%
1998
Rachel Griffiths
57.6%
2003
Patricia Clarkson
57.2%
1970
Sally Kellerman
56.1%
1970
Karen Black
55.9%
1995
Kathleen Quinlan
55.6%
1970
Lee Grant
54.3%
1975
Lee Grant
54.3%
1976
Lee Grant
54.3%
1993
Rosie Perez
54.1%
1979
Mariel Hemingway
53.4%
1984
Peggy Ashcroft
51.8%
2004
Sophie Okonedo
51.4%
1980
Cathy Moriarty
51.2%
1996
Barbara Hershey
50.9%
1980
Eileen Brennan
49.8%
1971
Ann-Margret
49.6%
1983
Amy Irving
49.5%
1976
Beatrice Straight
48.7%
1996
Marianne Jean-Baptiste
47.1%
2006
Rinko Kikuchi
46.4%
1994
Rosemary Harris
46.1%
1971
Barbara Harris
46.1%
1986
Mary Elizabeth Mastrantonio
44.7%
1995
Mare Winningham
44.7%
1985
Margaret Avery
44.5%
1977
Melinda Dillon
44.3%
1981
Melinda Dillon
44.3%
1992
Joan Plowright
44%
2006
Adriana Barraza
43.9%
1989
Lena Olin
43.2%
2003
Shohreh Aghdashloo
42.3%
1972
Eileen Heckart
42.2%
1987
Anne Ramsey
42.2%
1978
Dyan Cannon
41.5%
1991
Kate Nelligan
41.5%
1979
Candice Bergen
41.4%
1983
Alfre Woodard
40.6%
1982
Leslie Ann Warren
40.1%
1984
Christine Lahti
40%
1981
Elizabeth McGovern
37%
1985
Amy Madigan
36.4%
1977
Quinn Cummings
34.9%
1987
Ann Sothern
33.6%
1986
Tess Harper
33.1%
1979
Barbara Barrie
32.9%
1984
Lindsay Crouse
31.6%
1975
Sylvia Miles
31.1%
1977
Tuesday Weld
30.7%
1975
Brenda Vaccaro
30.4%
1975
Ronee Blakley
30.3%
1982
Kim Stanley
29.6%
1974
Valentina Cortese
27.4%
1972
Jeannie Berlin
26.7%
1980
Diana Scarwid
26.5%
1987
Norma Aleandro
26.3%
1978
Penelope Milford
26%
1977
Leslie Browne
25.6%
1973
Sylvia Sidney
25.2%
1972
Susan Tyrrell
23.9%
1971
Margaret Leighton
23.6%
1981
Joan Hackett
23.2%
1980
Eva Le Gallienne
21.5%
Quiz Playlist
Details
Report
Send in Message
Add To Playlist
Classic:
Type in answers that appear in a list
Last Updated: Feb 16, 2017
Quiz Scoreboard
CHALLENGE
Sign Up to Join the Scoreboard
Show All
Scores
Hide
Comments
May contain spoilers
Recently Published
9x9 Crossword: Cartoon Network
by jackfrog10
Miscellaneous
3m
College Basketball Coaching Resumes
by pancakes188
Sports
9m
Billboard Blitz: Fleetwood Mac
by CooCooCachoo
Music
15s
More to Explore
Quiz From the Vault
Featured Blog Post
Where Did the Easter Bunny Come From?
hide this ad
You Might Also Like...
Tags
Actress Quiz
Nominee Quiz
Oscar Quiz
1970s
Oscar Nominated
Supporting
Supporting Actor
Today's Top Quizzes in Movies
Browse Movies
hide this ad
Today's Top Quizzes in Actress
Browse Actress
Top Contributed Quizzes in Movies
1
Pick 5 Posters: Directed by Spielberg
2
7-to-1: Pixar Characters
3
Pick 5 Posters: Lowest-Rated Spielberg
4
Sorting Actors
5
Sorting Actresses
6
Pick 5 Posters: Directed by Scorsese
7
Hidden Star Wars Character II
8
Pick 5 Posters: Star & Director
9
Hidden Star Wars Character III
10
12 Movies about Fictional 1960s Events
Explore More
Trending Topics
Harry Potter
Crossword
Disney
Anime
Marvel
Kpop
NBA
Country
Pokémon
Soccer
Puzzle
NFL
The Office
Song
WWE
hide this ad
More By:
yankee00
Quiz
Plays
Rating
Category
Featured
Created
Famous Tony
54,283
3.78
Entertainment
Oct 24, 2009
Oscar Best Actor Nominees 1970-2013
10,744
4.49
Movies
Nov 8, 2009
Oscar Best Actress Nominees 1970-2009
10,301
4.45
Movies
Nov 8, 2009
Oscar Best Director Nominees 1970-2009
8,114
4.52
Movies
Oct 27, 2009
Best Supporting Actor Nominees 1970-2009
6,372
4.50
Movies
Oct 27, 2009
Go to Creator's Profile
Score Distribution
Quiz Creator Spotlight
yankee00
Follow
Send a Message
Quizzes Created
-
Created Quiz Play Count
-
More By This Creator
Popular Quizzes Today
1
Find the US States - No Outlines Minefield
2
Find the Countries of Europe - No Outlines Minefield
3
The Countries of the World
4
Find the US States
5
Risky Map Clicking: Biggest States A-Z
6
US States
7
Popular People in 1961
8
Movies - When Are They Set?
More Movies Quizzes
Alan Rickman Movies by Picture
Quiz Lab
Trending Quizzes
Risky Map Clicking: Least Populous States A-Z
1-10 Letter G Words
1-10 Letter F Words
Risky Map Clicking: Next State Alphabetically
Adjectives in 80s TV Shows
Recently Updated
Leaping Animals
pecheneg
Reality TV Shows (A-Z)
bhenderson79
Rickey Henderson's Hall of Fame Teammates
pecheneg
Champions League XIs: Arsenal
pecheneg
Quick Pick: Celebrities in WWE's Hall of Fame
aduchscher
A-Z Keypad Blitz II
pecheneg
Multiple Oscar Actors
pecheneg
Mystery Phrase Blitz: Oscar 'Best Actors'
pecheneg
F. Scott Fitzgerald Novels
LTH
Pick 3 Villains
ddd62291
Trending Topics
Marvel
NBA
Harry Potter
Anime
Disney
Crossword
Kpop
Soccer
Song
Puzzle
Pokémon
NFL
Country
WWE
The Office
Your Account Isn't Verified!
In order to create a playlist on Sporcle, you need to verify the email address you used during registration. Go to your
Sporcle Settings
to finish the process.
Report this User
Report this user for behavior that violates our
Community Guidelines
.
Details:
Send Report
Go to the Sporcle.com Mobile Site →
Comments